ABC elektroniky

Salvato in:
Dettagli Bibliografici
Autore principale: Wojciechowski, Janusz (Autore)
Natura: Libro
Lingua:slovacco
Pubblicazione: Bratislava : Alfa, 1973
Tags: Aggiungi Tag
Nessun Tag, puoi essere il primo ad aggiungerne!!

MARC

LEADER 00000nam a22000003a 4500
001 stu33983
005 20150617225733.4
008 981116s1973------------------------slo-d
040 |a STU  |b slo 
041 0 |a slo 
080 |a 621.38 
100 1 |a Wojciechowski, Janusz  |4 aut 
245 1 |a ABC elektroniky 
260 |a Bratislava :  |b Alfa,  |c 1973 
300 |a 237 s 
996 |b 284EK04617  |c E*31302  |l EE01  |s A  |a 24  |w stu33983_0001